Sports Quiz

Random Sports or Soccer Quiz

2018-19 Danish Football Teams Quiz Stats

 Plays Quiz not verified by Sporcle

Score 0/26 Timer 04:00
0 Plays Today
Hint Answer % Correct
SuperligaKøbenhavn
88.7%
SuperligaBrøndby
88.2%
SuperligaAalborg
87.8%
SuperligaAarhus
83.8%
SuperligaMidtjylland
80.8%
SuperligaOdense
80.8%
SuperligaNordsjælland
79.7%
SuperligaEsbjerg
72.1%
SuperligaRanders
71.6%
SuperligaSønderjyskE
69.7%
SuperligaVejle
69.5%
1.DivisionViborg
69.1%
1.DivisionLyngby
68.8%
Hint Answer % Correct
SuperligaHorsens
68.1%
SuperligaVendsyssel
67.7%
1.DivisionSilkeborg
67%
SuperligaHobro
65.4%
1.DivisionHelsingør
60.5%
1.DivisionFredericia
59.8%
1.DivisionKøge
59.6%
1.DivisionRoskilde
56.6%
1.DivisionNæstved
52.9%
1.DivisionFremad Amager
51.3%
1.DivisionHvidovre
45.3%
1.DivisionThisted
45.3%
1.DivisionNykøbing
45%

You're not logged in!

Compare scores with friends on all Sporcle quizzes.
OR
Log In

Sporcle TV

Today on Sporcle TV


Watch our educational content, quiz creation guides, and fun videos on Sporcle TV.

Show Comments

Extras

Top Quizzes Today


Score Distribution

Your Account Isn't Verified!

In order to create a playlist on Sporcle, you need to verify the email address you used during registration. Go to your Sporcle Settings to finish the process.

Report this User

Report this user for behavior that violates our Community Guidelines.

Details: